| 000 | 01135nam0a22002531 4500 | ||
|---|---|---|---|
| 001 | rc\3931751 | ||
| 005 | 20130415112522.1 | ||
| 035 | _a(NLR Aleph) 007916064 | ||
| 090 |
_a8127845 _c8127845 |
||
| 100 | _a20130415d1954 |||y0rusy50 ca | ||
| 101 | 0 | _arus | |
| 102 | _aRU | ||
| 105 | _ay z ||||| | ||
| 200 | 1 |
_aПроблема энергетических водохранилищ в КФССР и связанные с ними вопросы _e(Тезисы доклада) _fКарело-Фин. филиал Акад. наук СССР. Координационное совещание по вопросам гидрологии и водного хозяйства Карело-Фин. ССР |
|
| 210 |
_aПетрозаводск _cБ. и. _d[1954] |
||
| 215 |
_a3 с. _d20 |
||
| 300 | _aБез тит. л. и обл. | ||
| 300 | _aПеред загл. авт.: И.С. Антушев, канд. техн. наук, доц. | ||
| 700 | 1 |
_aАнтушев _bИ. С. _f1902-1955 _gИван Степанович |
|
| 801 | 0 |
_aRU _bNLR _gpsbo |
|
| 801 | 1 |
_aRU _bELAR _2rusmarc |
|
| 852 |
_aNLR _jТ24 Г-4/401 |
||
| 942 | _cBOOK | ||
| 980 | _aNB | ||